000 00320nam a22001217a 4500
008 171005b xxu||||| |||| 00| 0 eng d
041 _aeng
080 _a519.9
100 _a48
101 _aPSI
245 _aA COMMENTARY ON APOPLECTIC AND PARALYTIC AFFECTIONS AND ON DISEASES CONNECTED
_cKIRKLAND,TH
942 _2udc
_cBK
999 _c31895
_d31895